| 000 | 00460nam a2200145 i 4500 | ||
|---|---|---|---|
| 001 | 145567 | ||
| 003 | ES-MaACL | ||
| 005 | 20230906201247.0 | ||
| 008 | 071015s1954 sp a |||| | spa d | ||
| 100 | 1 |
_aBarrio, Juan Ventura. _925996 |
|
| 245 | 1 | 0 |
_aCaprichos inmortales _b: (novela) / _cJuan Ventura Barrio. |
| 260 |
_aMadrid : _bCentro Ibérico de Publicaciones y Ediciones, _c[1954] |
||
| 300 |
_aIV, 147 p. : _bil. ; _c19 cm. |
||
| 852 |
_aES-MaACL _jC-9736 |
||
| 999 |
_c145567 _d145567 |
||